Pays ayant gagné l'Eurovision Junior - Statistiques

Statistiques générales
  • Ce quiz a été pris 87 fois
  • Le résultat moyen est 9 sur 12
Statistiques - réponses
# Pays Années % Correct
4 France 2020, 2022, 2023, 2025
100%
1 Espagne 2004
92%
1 Italie 2014
88%
2 Pologne 2018, 2019
85%
1 Pays-Bas 2009
79%
1 Ukraine 2012
76%
2 Russie 2006, 2015
74%
4 Géorgie 2008, 2011, 2016, 2024
71%
2 Arménie 2010, 2021
64%
1 Croatie 2003
63%
2 Malte 2013, 2015
58%
2 Bélarus 2005, 2007
56%
Aucun quiz correspondant
Distribution des résultats
% des personnes avec chaque résultat
Percentile par nombre de réponses
Votre historique - résultats
Vous n’avez pas pris ce quiz